Poema pedagògic / A. S. Makàrenko ; traducció de Dolors Chavarria ; pròleg de Jaume Trilla
ISBN:
84-9766-195-8
Descripción Física:
783 p. ; 20 cm
Colección:
Textos pedagògics ; 45
MARC
| LEADER | 00000nam a2200000Ia 4500 | ||
|---|---|---|---|
| 001 | 18565 | ||
| 008 | 160829s2006 xx 000 0 cat d | ||
| 020 | |a 84-9766-195-8 | ||
| 080 | |a L-2-82 | ||
| 100 | |a Makarenko, Anton Semenovich |9 61006 | ||
| 245 | |a Poema pedagògic / A. S. Makàrenko ; traducció de Dolors Chavarria ; pròleg de Jaume Trilla | ||
| 260 | |a Vic : |b Eumo, |c 2006 | ||
| 300 | |a 783 p. ; |c 20 cm | ||
| 490 | |a Textos pedagògics ; 45 | ||
| 590 | |a Bibliografia. | ||
| 590 | |a Amb el suport de la Diputació de Barcelona. | ||
| 590 | |a Títol original: Pedagogiceskaja poema | ||
| 650 | |a Delinqüents juvenils |x Educació |x Ucraïna |9 41478 | ||
| 700 | |a Chavarria, Dolors, tr. |9 41479 |e traductor | ||
| 700 | 1 | |a Trilla, Jaume |e autor del pròleg |9 194 | |
| 710 | 1 | |a Barcelona (Catalunya : Província). |b Diputació |9 52408 | |
| 901 | |a Arxiu | ||
| 942 | |n 1 |2 udc | ||
| 952 | |0 0 |1 0 |4 0 |6 L282 |7 1 |9 50223 |a Arxiu |b Arxiu |d 2016-12-01 |l 0 |o L-2-82 |p 18565 |r 2016-12-01 00:00:00 |w 2016-12-01 |y ARXIU | ||
| 999 | |c 54065 |d 54065 | ||